| 000 | 00648nam a2200181Ia 4500 | ||
|---|---|---|---|
| 005 | 20250923144652.0 | ||
| 008 | 008 250917s9999 xx 000 0 eng d | ||
| 037 | _aTextual | ||
| 040 |
_aDSWL _beng _cDSWL |
||
| 041 |
_aeng _2eng |
||
| 084 |
_aYX;Z1-zu;6-4.251'N58t4, N59 _qDSWL |
||
| 100 |
_aKaur, Premjit _9827189 |
||
| 245 | 2 |
_aA Socio-Economic survey of 75 families having mentally defecient (Place-Safdar Jung Hospital, Delhi) _cby Premjit Kaur |
|
| 260 |
_aDelhi _b Delhi School of Social Work _c1959 |
||
| 300 | _avii,89p. | ||
| 942 |
_cTEXL _hYX;Z1-zu;6-4.251'N58t4, N59 |
||
| 999 |
_c1441834 _d1441834 |
||